1099 1853 1303 1134 1889 1104 1210 1040 1404 1706 1036 1546 1095 1725 1435 1247 1625 1331 1203 1748 1875 1118 1115 1796 1839 1562 1479 1303 1687 1423 1534 1655 1771 1087 1453 1065 1688 1412 1342 1323 1710 1055 1993 1764 1388 1801 1858 1080 1443 1602 1003 1223 1850 1495 1843 1372 1704 1742 1788 1375 1694 1097 1632 1179 1345 1970 1448 1039 1829 1490 1353 1224 1290 1753 1473 1253 1303 1718 1528 1009 1678 1222 1172 1423 1798 1673 1775 1207 1864 1143 1087 1503 1748 1326 1118 1150 1314 1922 1635 BCNSPRNW ULIB Ver.6.0+V

เปลี่ยนเป็นภาษาไทย

Change to English
 แสดงรายละเอียดบรรณานุกรม
  กลับหน้าหลัก

Brief Record : Get Marc (ISO 2709) : E-mail record : QR code < ปิดหน้าต่าง
LEADER : 00000nas 2200000uu 4500
001    13399123853
003     ULIB
008    141212s||||||||th 000 0 tha d
022 0  ^a1906196X
245 00 ^aสุขศาลา/^cสำนักวิจัยสังคมและสุขภาพ (สวสส.)
310    ^aรายปี
850 ^a ULIB^bปีที่ 5 ฉบับที่ 20 ฉ.1 ;ปีที่ 5 ฉบับที่ 20 ฉ.1
945    ^p0^l0^i902699
945    ^p0^l0^i902700
999    ^aกมลทิพย์ ธนสารสุธี
รายการนี้ยังไม่มีแท็ก
คุณยังไม่ได้ล็อกอิน คุณสามารถมีกิจกรรมร่วมกับเว็บไซต์ได้ แต่ต้องล็อกอินก่อน ::
  ล็อกอิน

รายการสื่อสารสนเทศ (วารสาร)

ดูแบบ: กล่อง รายการ
ARRIVED
ปีที่ 5 ฉบับที่ 20 ฉ.1
สถานที่: ห้องสมุดวิทยาเขตสวรรค์ประชารักษ์ >วารสาร

BibComment


ยังไม่เคยถูกคอมเมนท์

คอมเมนท์ทรัพยากรรายการนี้
  คอมเมนท์: สุขศาลา สำนักวิจ..


 Copyright 2026. Bcnsprnw @Library